header

On subject and theme (Record no. 9755)

MARC details
000 -LEADER
fixed length control field 02275nam a2200349 a 4500
001 - CONTROL NUMBER
control field ebr10022332
003 - CONTROL NUMBER IDENTIFIER
control field CaPaEBR
006 - FIXED-LENGTH DATA ELEMENTS--ADDITIONAL MATERIAL CHARACTERISTICS--GENERAL INFORMATION
fixed length control field m u
007 - PHYSICAL DESCRIPTION FIXED FIELD--GENERAL INFORMATION
fixed length control field cr cn|||||||||
008 - FIXED-LENGTH DATA ELEMENTS--GENERAL INFORMATION
fixed length control field 950411s1995 ne sb 001 0 eng
010 ## - LIBRARY OF CONGRESS CONTROL NUMBER
Canceled/invalid LC control number 95008905
020 ## - INTERNATIONAL STANDARD BOOK NUMBER
Cancelled/invalid ISBN 1556195729 (alk. paper)
040 ## - CATALOGING SOURCE
Original cataloging agency CaPaEBR
Transcribing agency CaPaEBR
035 ## - SYSTEM CONTROL NUMBER
System control number (OCoLC)70769310
050 14 - LIBRARY OF CONGRESS CALL NUMBER
Classification number P298
Item number .O5 1995eb
082 04 - DEWEY DECIMAL CLASSIFICATION NUMBER
Classification number 415
Edition number 20
245 00 - TITLE STATEMENT
Title On subject and theme
Medium [electronic resource] :
Remainder of title a discourse functional perspective /
Statement of responsibility, etc edited by Ruqaiya Hasan, Peter H. Fries.
260 ## - PUBLICATION, DISTRIBUTION, ETC. (IMPRINT)
Place of publication, distribution, etc Amsterdam ;
-- Philadelphia :
Name of publisher, distributor, etc J. Benjamins,
Date of publication, distribution, etc c1995.
300 ## - PHYSICAL DESCRIPTION
Extent xlv, 414 p.
490 1# - SERIES STATEMENT
Series statement Amsterdam studies in the theory and history of linguistic science. Series IV, Current issues in linguistic theory ;
Volume number/sequential designation v. 118
504 ## - BIBLIOGRAPHY, ETC. NOTE
Bibliography, etc Includes bibliographical references and index.
505 0# - FORMATTED CONTENTS NOTE
Title Approaching the French clause as a move in dialogue /
Statement of responsibility Alice Caffarel --
Title Mood and the ecosocial dynamics of semiotic exchange /
Statement of responsibility Paul J. Thibault --
Title The English "tag question" /
Statement of responsibility Bill McGregor --
Title "Nothing" makes sense in Weri /
Statement of responsibility Maurice Boxwell --
Title Subjectlessness and honorifics in Japanese /
Statement of responsibility Motoko Hori --
Title A dynamic perspective implications for metafunctional interaction and an understanding of theme /
Statement of responsibility L.J. Ravelli --
Title Subject and theme in Chines /
Statement of responsibility Fang Yan, Edward McDonald, Cheng Musheng --
Title A systemic-functional approach to the thematic structure of the Old English clause /
Statement of responsibility Michael Cummings --
Title Themes, methods of development, and texts /
Statement of responsibility Peter H. Fries --
Title Defining and relating text segments /
Statement of responsibility Carmel Cloran.
533 ## - REPRODUCTION NOTE
Type of reproduction Electronic reproduction.
Place of reproduction Palo Alto, Calif. :
Agency responsible for reproduction ebrary,
Date of reproduction 2013.
Note about reproduction Available via World Wide Web.
-- Access may be limited to ebrary affiliated libraries.
650 #0 - SUBJECT ADDED ENTRY--TOPICAL TERM
Topical term or geographic name as entry element Grammar, Comparative and general
General subdivision Topic and comment.
Topical term or geographic name as entry element Discourse analysis.
655 #7 - INDEX TERM--GENRE/FORM
Genre/form data or focus term Electronic books.
Source of term local
700 1# - ADDED ENTRY--PERSONAL NAME
Personal name Hasan, Ruqaiya.
Personal name Fries, Peter Howard.
710 2# - ADDED ENTRY--CORPORATE NAME
Corporate name or jurisdiction name as entry element ebrary, Inc.
830 #0 - SERIES ADDED ENTRY--UNIFORM TITLE
Uniform title Amsterdam studies in the theory and history of linguistic science.
Number of part/section of a work Series IV,
Name of part/section of a work Current issues in linguistic theory ;
Volume number/sequential designation v. 118.
856 40 - ELECTRONIC LOCATION AND ACCESS
Uniform Resource Identifier <a href="http://site.ebrary.com/lib/rucke/Doc?id=10022332">http://site.ebrary.com/lib/rucke/Doc?id=10022332</a>
Public note An electronic book accessible through the World Wide Web; click to view

No items available.

© 2026 Rongo University
Contact us: librarian | system librarian | Rongo university